GAP yeniden yapılanmalıdır / (Kayıt no. 10225)
[ düz görünüm ]
| 000 -BAŞLIK | |
|---|---|
| Sabit Uzunluktaki Kontrol Alanı | 00873nam a22002297a 4500 |
| 003 - KONTROL NUMARASI KİMLİĞİ | |
| Kontrol Alanı | KOHA_MİRAKIL |
| 005 - EN SON İŞLEM TARİHİ ve ZAMANI | |
| Kontrol Alanı | 20260414083304.0 |
| 008 - SABİT UZUNLUKTAKİ VERİ ÖGELERİ - GENEL BİLGİ | |
| Sabit Alan | 260414b tu ||||| |||| 00| 0 tur d |
| 040 ## - KATALOGLAMA KAYNAĞI | |
| Özgün Kataloglama Kurumu | TR-AnABB |
| Kataloglama Dili | tur |
| Çeviri Kurumu | TR-AnABB |
| 041 ## - DİL KODU | |
| Metin ya da ses kaydının dil kodu | tur |
| 082 ## - DEWEY ONU SINIFLAMA SİSTEMİ | |
| Sınıflama Numarası | 338.9561 |
| Cutter numarası | DAG |
| 100 1# - KİŞİ ADI | |
| Yazar Adı (Kişi adı) | Dağ, Rıfat |
| 245 10 - ESER ADI BİLDİRİMİ | |
| Başlık | GAP yeniden yapılanmalıdır / |
| Sorumluluk Bildirimi | Rıfat Dağ, Atilla Göktürk |
| 260 ## - YAYIN, DAĞITIM, VB. | |
| Yayın Yeri | Ankara : |
| Yayınevi | [yayl. y.], |
| Yayın Tarihi | 1990 |
| 300 ## - FİZİKSEL TANIMLAMA | |
| Sayfa, Cilt vb. | 153 sayfa ; |
| Boyutları | 24 cm |
| 504 ## - BİBLİYOGRAFİ NOTU | |
| Bibliyografi Notu | Kaynakça 150-152 sayfaları arasındadır |
| 505 ## - İÇİNDEKİLER NOTU | |
| İçindekiler Notu | İçindekiler: GAP Bölgesinin Tanıtımı - Toplumsal Değişme Eksenlerindeki Sınırlamalar - GAP'ın gerekçeleri, kapsamı ve gerçekleşme düzeyi - GAP ve yeniden yapılanma gereği |
| 650 ## - KONU BAŞLIĞI EK GİRİŞ - KONU TERİMİ | |
| Konusal terim veya coğrafi ad | Ekonomik politika, Türkiye |
| 650 ## - KONU BAŞLIĞI EK GİRİŞ - KONU TERİMİ | |
| Konusal terim veya coğrafi ad | Ekonomik politika |
| 700 1# - EK GİRİŞ - KİŞİ ADI | |
| Yazar Adı (Kişi adı) | Göktürk, Atilla, |
| İlişkili Terim | yazar |
| 9 (RLIN) | 3408 |
| 942 ## - EK GİRİŞ ÖGELERİ (KOHA) | |
| Sınıflama Kaynağı | Dewey Decimal Classification |
| Materyal Türü | Kitap |
| 900 ## - YEREL BİLGİ | |
| Kontrol | Can ÇELIK |
| Geri Çekilme Durumu | Kayıp Durumu | Sınıflandırma Kaynağı | Kredi için değil | Kalıcı Konum | Mevcut Konum | Kayıt Tarih | Toplam Ödünçverme | Yer Numarası | Demirbaş Numarası | Son Görülme Tarihi | Fatura Tarihi | Materyal Türü |
|---|---|---|---|---|---|---|---|---|---|---|---|---|
| Dewey Decimal Classification | Prof. Dr. Ruşen Keleş Kütüphanesi | Prof. Dr. Ruşen Keleş Kütüphanesi | 14/04/2026 | 338.9561 DAG | RK7063 | 14/04/2026 | 14/04/2026 | Kitap | ||||
| Dewey Decimal Classification | Prof. Dr. Ruşen Keleş Kütüphanesi | Prof. Dr. Ruşen Keleş Kütüphanesi | 15/04/2026 | 338.9561 DAG | RK7077 | 15/04/2026 | 15/04/2026 | Kitap |
